Code lyoko trivia - Statistics

General Stats
  • This quiz has been taken 180 times
  • The average score is 8 of 15
Answer Stats
Hint Answer % Correct
The only person to access to the towers and enter CODE LYOKO (no evolution) Aelita
99%
half man half dog half cat Odd
99%
Geisha Yumi
98%
samurai Ulrich
97%
The most intellectual of the group Jeremy
94%
The traitor William
90%
Code name of the father of Aelita to go as a professor of science in Kadic? Franz Hopper
70%
Brother yumi name Hiroki
55%
How many episodes X.A.N.A xanatified humans? (no evolution and william count just one time in virtual world) 24
44%
How many times the samurai get divirtualised by Kankrelats? 0
41%
Aelita mother Anthea
26%
What is the name of Aelita's father? Waldo Schaeffer
18%
What is the name of the parents of Odd della robbia?(the answers can be found in books) Robert and Marguerite
6%
What is the name of Ulrich's father?(the answers can be found in books) Walter Stern
6%
Names of the parents of Yumi ishiyama? Akiko and Takeho
3%
No matching quizzes found
Score Distribution
Percent of People with Each Score
Percentile by Number Answered
Your Score History
You have not taken this quiz